| 000 | 01572cam a22002174a 4500 | ||
|---|---|---|---|
| 005 | 20250605164333.0 | ||
| 008 | 250528s ||||||||||||||||||||||||d | ||
| 035 | _a23310 | ||
| 020 | _a9789605460426 | ||
| 040 |
_aGR-AtMCL _bgre _dGR-AtMCL _eAACR2 |
||
| 245 | 1 | _aΚινητική Μάθηση και Ανάπτυξη | |
| 260 | _c2018 | ||
| 300 | _a527 | ||
| 520 | _aΌψεις στην Κινητική Ανάπτυξη, Κατανόηση του Κινητικού Ελέγχου, Θεωρητικές Κατασκευές στην Κινητική Συμπεριφορά, Στάδια απόκτησης δεξιοτήτων, Αξιολόγηση της Κινητικής Μάθησης, Κινητική Ανάπτυξη στη Βρεφική Ηλικία, Βασικές Δεξιότητες στην Παιδική Ηλικία, Κίνηση στην Ενήλικη Ζωή, Σωματική Ανάπτυξη, Γήρανση, Γνωστική Ανάπτυξη, Ψυχοκοινωνική και Κοινωνικοσυναισθηματική Ανάπτυξη, Ψυχοκοινωνική και Γνωστικοί Παράγοντες στην Ενήλικη Ζωή, Φυσικοί, Συναισθηματικοί και Εκπαιδευτικοί Παράγοντες, Πριν από την Εξάσκηση, Εξάσκηση, Ανατροφοδότηση, Σχεδιασμός ενός Πλάνου. | ||
| 700 | 1 |
_aD.H.Collier _98895 |
|
| 700 | 1 |
_aG.D.Reid _98896 |
|
| 700 | 1 |
_aP.S Haibach-Beach _98897 |
|
| 942 | _cBK | ||
| 999 |
_c8337 _d8337 |
||